Data Mining : Know It All /

Salvato in:
Dettagli Bibliografici
Natura: Libro
Lingua:inglese
Pubblicazione: Burlington : Morgan Kaufmann Publishers, 2009
Soggetti:
Tags: Aggiungi Tag
Nessun Tag, puoi essere il primo ad aggiungerne!!

MARC

LEADER 00000nam a22000003a 4500
001 stu197420
005 20141123054814.6
008 091218s2009----xxu-----------------eng-d
020 |a 978-0-12-374629-0 
040 |a STU  |b slo 
041 0 |a eng 
044 |a xxu 
245 |a Data Mining :  |b Know It All /  |c Chakrabarti, S. a kol. 
260 |a Burlington :  |b Morgan Kaufmann Publishers,  |c 2009 
300 |a 460 s 
650 7 |a získavanie dát  |2 stusub 
996 |c I*11WS6133  |l II680  |s A  |a 24  |w stu197420_0001